000 00312nam a22001337a 4500
999 _c532400
_d532400
003 NUST
038 _aM.Ramzan
082 _a628.114
_bCHA
100 _aChang, Ni-Bin.
_925794
245 _aEffects of urbanization on ground water /
260 _aVirginia:
_bASCE,
_c2010
300 _a556 p, :
942 _2ddc
_cBK